Info 7
| Titel: | Info 7 : Medien, Archive, Information / vfm Verein für Medieninformation und Mediendokumentation |
|---|---|
| Körperschaft: |
|
| Veröffentlicht: |
Münster; Hamburg; Berlin [u.a.] : Lit-Verl. W. Hopf, 1986- Baden-Baden : Nomos, 1986-2000 |
| Erscheinungsverlauf: | 1.1986 - |
| Format: | Zeitschrift, Zeitung |
| Sprache: | Deutsch |
| Andere Ausgaben: |
Erscheint auch als Online-Ausgabe: Info7. - Münster : LIT Verlag W. Hopf, [1986]-. - Online-Ressource
|
| ISSN: | 0930-5483 |
X
alg: 4808564
001A $06050:20-06-96
001B $06062:12-11-25 $t12:26:26.000
001D $06050:09-10-15
001U $0utf8
001X $00
002@ $0Abvc
002C $aText $btxt $2rdacontent
002D $aohne Hilfsmittel zu benutzen $bn $2rdamedia
002E $aBand $bnc $2rdacarrier
003@ $0048085642
003O $0231029963 $aOCoLC
005A $00930-5483
005I $00930-5483 $fInfo 7
006D $0551194804
006U $086,A41,0011
006Z $0806584-6
007A $0806584-6 $aZDB
010@ $ager
011@ $a1986 $n1986-
013D $RPresse $RFortlaufendes Sammelwerk $#Periodicals $#Yearbooks $#Périodiques $#Annuaires $#Publicaciones periódicas $#journals $#Periodical $#Periodicals as Topic $#Zeitschrift $#Zeitschrift $#Periodikum $#Zeitschriften $74067488-5 $8Zeitschrift [Tsz] $9085189774
018@ $0i;f
021A $aInfo 7 $dMedien, Archive, Information $hvfm Verein für Medieninformation und Mediendokumentation
027A $aInfo sieben
027A $aInfo7
029F $BHerausgebendes Organ $RVerein Deutscher Archivare $RVerband Deutscher Archivarinnen und Archivare $RVerband Deutscher Archivarinnen und Archivare $#Fachgruppe der Medienarchivarinnen und -archivare $#Verband Deutscher Archivarinnen und Archivare, Fachgruppe 7 $4isb $710071156-X $8Verband Deutscher Archivarinnen und Archivare$bFachgruppe der Medienarchivarinnen und -archivare [Tb1] $9118608657
029F $BHerausgebendes Organ $#VFM $#VFM e.V. $#Verein für Medieninformation und -dokumentation $4isb $716066348-9 $8Verein für Medieninformation und Mediendokumentation [Tb1] $9223455199
029F $BHerausgebendes Organ $RVerein Deutscher Archivare $RVerband Deutscher Archivarinnen und Archivare $RVerein Deutscher Archivare $#Fachgruppe der Medienarchivare, Mediendokumentare $#Verein Deutscher Archivare, Fachgruppe 7, Fachgruppe der Medienarchivare, Mediendokumentare $4isb $75267980-9 $8Verein Deutscher Archivare$bFachgruppe der Medienarchivare, Mediendokumentare [Tb1] $9055758010
029F $BHerausgebendes Organ $RVerein Deutscher Archivare $RVerein Deutscher Archivare $#Fachgruppe Presse-, Rundfunk- und Filmarchivare $#Verein Deutscher Archivare, Archivistes de la Presse, de la Radio et de la Télévision $#Archivistes de la Presse, de la Radio et de la Télévision $#Verein Deutscher Archivare, Fachgruppe 7, Fachgruppe Presse-, Rundfunk- und Filmarchivare $#FPRF $4isb $72025180-4 $8Verein Deutscher Archivare$bFachgruppe Presse-, Rundfunk- und Filmarchivare [Tb1] $9042783682
031@ $a1.1986 -
031N $6 $j1986
033A $pMünster $pHamburg $pBerlin {[u.a.] $nLit-Verl. W. Hopf
033A $pBaden-Baden $h1986-2000 $zf $nNomos
037A $aHerausgeber früher: Fachgruppe Presse-, Rundfunk- und Filmarchivare; teils: Verein Deutscher Archivare, Fachgruppe der Medienarchivare, Mediendokumentare; bis Jahrgang 24, Heft 1 (2009): Vorstand der Fachgruppe 7 (Medienarchivare, Mediendokumentare) im VdA (Verband Deutscher Archivarinnen und Archivare)
037A $aErscheint 3x jährlich, bis 1996 2x jährlich
039D $aErscheint auch als $8--Obvc--. Info7. - Münster : LIT Verlag W. Hopf, [1986]-. - Online-Ressource $9512262764 $nOnline-Ausgabe
039S $a12,3=1997 von $8--Abvc--Verein Deutscher Archivare$bFachgruppe der Medienarchivare, Mediendokumentare [Tb1]. Frühjahrstagung $907103949X
041A/80 $i15.3 $i6.8 $i15.4 $i2.3
044K $qZDB $RArchiv $#Motion picture film collections $#Film archives $#Archives cinématographiques $#Cinémathèques $#Filmotecas $#Kinemathek $#Filmothek $#Film Archiv $#Filmarchive $74017107-3 $8Filmarchiv [Ts1] $9085040002
044K $qZDB $RMedienarchiv $#Broadcasting archives $#Television archives $#Archives radiophoniques $#Archives télévisuelles $#Rundfunkarchive $74050970-9 $8Rundfunkarchiv [Ts1] $9085142093
044K $qZDB $RMedienarchiv $#Pressearchiv $#Pressearchive $74047154-8 $8Pressearchiv [Ts1] $9085131563
044K $qZDB $RDokumentation $RInformations- und Dokumentationswissenschaft $RInformation $RInformationssystem $#Information und Dokumentation $#Fachinformation $#Elektronische Fachinformation $#Fachinformation $#Fachliches Informationssystem $#Information und Dokumentation $#Dokumentationssystem Information und Dokumentation $#Fachinformation $#Fachinformationssystem $#Informations- und Dokumentationssystem $#Informations- und Dokumentationswesen $#IuD $#Informationswesen $#Wissenschaftliche Information $#Wissenschaftsinformation $74026901-2 $8Information und Dokumentation [Ts1] $9085067687
045E $a49 $a02 $a06
045T $a3,5 $a24,1 $a8
045T $aTHEATER $qDE-30 $2FID
045U $e070 $e020
046C $aMedien, Archive, Information $bTitelzusatz früher
046D $aInformation und Dokumentation in Archiven, Mediotheken, Datenbanken $bZusatz anfangs
046P $a19.2004,1 fälschlich als Jg. 18 bez.; 3x jährl.
046X $aArchivierung/Langzeitarchivierung gewährleistet $5DE-15
046X $aArchivierung/Langzeitarchivierung gewährleistet $5DE-18 $fPEHH
lok: 4808564 3
101B $027-01-09 $t16:51:01.000
101U $0utf8
145S/06 $a350
145S/07 $a930
145Z/01 $athea F 1521
145Z/02 $athea H 1221
145Z/03 $a100 Hs 0521
exp: 4808564 3 1 #EPN
201B/01 $023-12-02 $t18:58:30.000
203@/01 $0024837091
208@/01 $a07-10-98 $bpAa
209A/01 $aZsq 14965 $f000 $x00
209E/01 $a5.1990 - 12.1997 $x02
231@/01 $d5 $j1990 $k1997 $n12
247C/01 $8601000-3 <30>Frankfurt, Universitätsbibliothek J. C. Senckenberg, Zentralbibliothek (ZB) $9102598258
201U/01 $0utf8
exp: 4808564 3 2 #EPN
201B/02 $020-08-21 $t09:04:20.000
201U/02 $0utf8
203@/02 $0121536815
208@/02 $a07-10-98 $bgp
209A/02 $a/ $f000 $x00
220C/02 $aACQ-Satz vorhanden
247C/02 $8601000-3 <30>Frankfurt, Universitätsbibliothek J. C. Senckenberg, Zentralbibliothek (ZB) $9102598258
247E/02 $an
lok: 4808564 59
exp: 4808564 59 1 #EPN
201B/01 $008-05-23 $t14:56:38.000
201C/01 $008-11-01
201U/01 $0utf8
203@/01 $0164863621
208@/01 $a08-11-01 $bp
209A/01 $aAB 80.1 $ds $f106 $x00 $llx
209E/01 $a4.1989,1-2; 5.1990,1; 7.1992,1; 9.1994,1-2; 10.1995,1-2; 11.1996,1-2; 12.1997 - 15.2000; 16.2001,1; 17.2002,1; 19.2004,2-3; 20.2005,2-3; 21.2006 - 23.2008,2; 24.2009 - $x02
231@/01 $0 $05 $01990 $0 $07 $01992 $0 $09 $01994 $0 $010 $01995 $0 $011 $01996 $0 $012 $01997 $d4 $6 $j1989 $k2000 $k $k16 $k2001 $k $k17 $k2002 $k $k19 $k2004 $k $k20 $k2005 $k $k21 $k2006 $k23 $k2008 $k $k24 $k2009 $n15
247C/01 $8358106-8 Marburg, Bibliothek der Archivschule Marburg $910260097X
lok: 4808564 68
exp: 4808564 68 1 #EPN
201B/01 $026-08-25 $t14:32:31.000
201C/01 $004-04-14
201U/01 $0utf8
203@/01 $0730464598
208@/01 $a04-04-14 $bp
209A/01 $aVIII 1014 $ds $f001 $x00
209E/01 $a28.2013,3; 29.2014; 30.2015; 31.2016,1,3; 32.2017; 33.2018,1,3; 34.2019; 35.2020,2,3; 36.2021,2,3; 37.2022,3; 38.2023; 39.2024; 40.2025,1,2 $x02
231@/01 $0 $029 $02014 $0 $030 $02015 $0 $031 $02016 $0 $032 $02017 $0 $033 $02018 $0 $034 $02019 $0 $035 $02020 $0 $036 $02021 $0 $037 $02022 $0 $038 $02023 $0 $039 $02024 $0 $040 $02025 $d28 $j2013
247C/01 $8628002-x Wiesbaden, Hessisches Hauptstaatsarchiv Wiesbaden, Bibliothek $9213729024
lok: 4808564 74
exp: 4808564 74 1 #EPN
201B/01 $015-07-14 $t13:11:19.000
201C/01 $015-07-14
201U/01 $0utf8
203@/01 $0734670419
208@/01 $a15-07-14 $bp
209A/01 $aA 112/85 $ds $f000 $x00
209E/01 $a1.1986,2 - 3.1988,1; 5.1990,1 $x02
231@/01 $0 $05 $01990 $d1 $j1986 $k1988 $n3
245Z/01 $aA 000112/00085 $x01
247C/01 $8618460-1 <460>Darmstadt, Hessisches Staatsarchiv Darmstadt, Bibliothek $9102600937
lok: 4808564 78
exp: 4808564 78 1 #EPN
201B/01 $019-04-17 $t14:20:50.000
201U/01 $0utf8
203@/01 $0790969254
208@/01 $a12-11-16 $be
209A/01 $a/ $f000 $x00
220C/01 $aTitelaufnehmer: ej;kh
245Z/01 $a01.02 $x01
247C/01 $82080>Marburg/Lahn, Herder-Institut, Forschungsbibliothek, Bibliographieportal $9336309341
lok: 4808564 103
exp: 4808564 103 1 #EPN
201B/01 $029-09-25 $t14:54:32.000
201C/01 $029-09-25
201U/01 $0utf8
203@/01 $01318431689
208@/01 $a29-09-25 $bp
209A/01 $aZ 769 $dd $f000 $hZ 769 $x00
209C/01 $a0005601
209E/01 $a5.1990,1; 17.2002,1u.3; 18.2003,1 $x02
209G/01 $aMagazinbereich Dienstbibliothek $x01
231@/01 $0 $017 $02002 $0 $018 $02003 $d5 $j1990
247C/01 $8658011-7 <2397>Mainz, Stadtarchiv Mainz, Bibliothek $9379188910
lok: 4808564 105
exp: 4808564 105 1 #EPN
201B/01 $008-03-19 $t12:44:06.000
201C/01 $008-03-19
201U/01 $0utf8
203@/01 $01047294966
208@/01 $a08-03-19 $be
209A/01 $a/ $f106 $x00
237A/01 $aSignatur Archivschule Marburg: AB 80.1
245Z/01 $a1.02. $bZwischenstaatliches und überstaatliches Archivwesen / Zeitschriften $x01
245Z/01 $a2.15.06. $bArchivwissenschaft und Archivtheorie / Archivsparten / Medienarchive $x02
247C/01 $8->Marburg, Bibliographie zum Archivwesen der Archivschule Marburg $939588196X
| LEADER | 00000cas a2200000 c 4500 | ||
|---|---|---|---|
| 001 | 048085642 | ||
| 003 | DE-603 | ||
| 005 | 20251112122626.0 | ||
| 007 | tu | ||
| 008 | 960620c19869999xx i| p| 0 |1ger c | ||
| 015 | |a 86,A41,0011 |2 dnb | ||
| 016 | 7 | |2 DE-600 |a 806584-6 | |
| 022 | |a 0930-5483 | ||
| 022 | |a 0930-5483 |2 6 | ||
| 035 | |a (DE-599)ZDB806584-6 | ||
| 035 | |a (OCoLC)231029963 | ||
| 040 | |a DE-603 |b ger |c DE-603 |d DE-603 | ||
| 041 | |a ger | ||
| 084 | |a 49 |a 02 |a 06 |q DE-101 |2 sdnb | ||
| 084 | |a 3,5 |a 24,1 |a 8 |2 ssgn | ||
| 084 | |a THEATER |q DE-30 |2 fid | ||
| 084 | |a 070 |a 020 |q DE-600 |2 sdnb | ||
| 084 | |a 15.3 |a 6.8 |a 15.4 |a 2.3 |q DE-101 |2 sdnb | ||
| 245 | 0 | 0 | |a Info 7 |b Medien, Archive, Information |c vfm Verein für Medieninformation und Mediendokumentation |
| 246 | 1 | |i Titelzusatz früher |a Medien, Archive, Information | |
| 246 | 1 | 3 | |a Info sieben |
| 246 | 1 | 3 | |a Info7 |
| 247 | 0 | 0 | |f Zusatz anfangs |a Information und Dokumentation in Archiven, Mediotheken, Datenbanken |
| 264 | 2 | 1 | |a Baden-Baden |b Nomos |c 1986-2000 |
| 264 | 3 | 1 | |a Münster |a Hamburg |a Berlin [u.a.] |b Lit-Verl. W. Hopf |c 1986- |
| 336 | |a Text |b txt |2 rdacontent | ||
| 337 | |a ohne Hilfsmittel zu benutzen |b n |2 rdamedia | ||
| 338 | |a Band |b nc |2 rdacarrier | ||
| 362 | 0 | |a 1.1986 - | |
| 363 | 0 | 1 | |8 1.1\x |i 1986 |
| 500 | |a Herausgeber früher: Fachgruppe Presse-, Rundfunk- und Filmarchivare; teils: Verein Deutscher Archivare, Fachgruppe der Medienarchivare, Mediendokumentare; bis Jahrgang 24, Heft 1 (2009): Vorstand der Fachgruppe 7 (Medienarchivare, Mediendokumentare) im VdA (Verband Deutscher Archivarinnen und Archivare) | ||
| 500 | |a Erscheint 3x jährlich, bis 1996 2x jährlich | ||
| 515 | |a 19.2004,1 fälschlich als Jg. 18 bez.; 3x jährl. | ||
| 650 | 7 | |a Filmarchiv |0 (DE-588)4017107-3 |0 (DE-603)085040002 |2 gnd | |
| 650 | 7 | |a Rundfunkarchiv |0 (DE-588)4050970-9 |0 (DE-603)085142093 |2 gnd | |
| 650 | 7 | |a Pressearchiv |0 (DE-588)4047154-8 |0 (DE-603)085131563 |2 gnd | |
| 650 | 7 | |a Information und Dokumentation |0 (DE-588)4026901-2 |0 (DE-603)085067687 |2 gnd | |
| 655 | 7 | |a Zeitschrift |2 gnd-content |0 (DE-588)4067488-5 |0 (DE-603)085189774 | |
| 710 | 2 | |a Verband Deutscher Archivarinnen und Archivare |b Fachgruppe der Medienarchivarinnen und -archivare |e Herausgebendes Organ |4 isb |0 (DE-603)118608657 |0 (DE-588)10071156-X |2 gnd | |
| 710 | 2 | |a Verein für Medieninformation und Mediendokumentation |e Herausgebendes Organ |4 isb |0 (DE-603)223455199 |0 (DE-588)16066348-9 |2 gnd | |
| 710 | 2 | |a Verein Deutscher Archivare |b Fachgruppe der Medienarchivare, Mediendokumentare |e Herausgebendes Organ |4 isb |0 (DE-603)055758010 |0 (DE-588)5267980-9 |2 gnd | |
| 710 | 2 | |a Verein Deutscher Archivare |b Fachgruppe Presse-, Rundfunk- und Filmarchivare |e Herausgebendes Organ |4 isb |0 (DE-603)042783682 |0 (DE-588)2025180-4 |2 gnd | |
| 776 | 0 | 8 | |i Erscheint auch als |n Online-Ausgabe |t Info7 |d Münster : LIT Verlag W. Hopf, [1986]- |h Online-Ressource |w (DE-603)512262764 |w (DE-600)3169269-2 |
| 787 | 0 | 8 | |i 12,3=1997 von |a Verein Deutscher Archivare. Fachgruppe der Medienarchivare, Mediendokumentare |t Frühjahrstagung |w (DE-603)07103949X |w (DE-600)1413777-X |
| 924 | 0 | |9 30 |a (DE-603)024837091 |b DE-30 |c HES |d c |g Zsq 14965 |m 5 |q 1990 |r 12 |v 1997 |z 5.1990 - 12.1997 | |
| 924 | 0 | |9 30 |a (DE-603)121536815 |b DE-30 |c HES |d c |g / | |
| 924 | 0 | |9 Mb 106 |a (DE-603)164863621 |b DE-Mb106 |c HES |d c |g AB 80.1 |m 4 |q 1989 |w ; |m 5 |q 1990 |w ; |m 7 |q 1992 |w ; |m 9 |q 1994 |w ; |m 10 |q 1995 |w ; |m 11 |q 1996 |w ; |m 12 |q 1997 |r 15 |v 2000 |w ; |m 16 |q 2001 |w ; |m 17 |q 2002 |w ; |m 19 |q 2004 |w ; |m 20 |q 2005 |w ; |m 21 |q 2006 |r 23 |v 2008 |w ; |m 24 |q 2009 |x - |z 4.1989,1-2; 5.1990,1; 7.1992,1; 9.1994,1-2; 10.1995,1-2; 11.1996,1-2; 12.1997 - 15.2000; 16.2001,1; 17.2002,1; 19.2004,2-3; 20.2005,2-3; 21.2006 - 23.2008,2; 24.2009 - | |
| 924 | 0 | |9 Wi 1 |a (DE-603)730464598 |b DE-Wi1 |c HES |d d |g VIII 1014 |m 28 |q 2013 |w ; |m 29 |q 2014 |w ; |m 30 |q 2015 |w ; |m 31 |q 2016 |w ; |m 32 |q 2017 |w ; |m 33 |q 2018 |w ; |m 34 |q 2019 |w ; |m 35 |q 2020 |w ; |m 36 |q 2021 |w ; |m 37 |q 2022 |w ; |m 38 |q 2023 |w ; |m 39 |q 2024 |w ; |m 40 |q 2025 |z 28.2013,3; 29.2014; 30.2015; 31.2016,1,3; 32.2017; 33.2018,1,3; 34.2019; 35.2020,2,3; 36.2021,2,3; 37.2022,3; 38.2023; 39.2024; 40.2025,1,2 | |
| 924 | 0 | |9 460 |a (DE-603)734670419 |b DE-460 |c HES |d d |g A 112/85 |m 1 |q 1986 |r 3 |v 1988 |w ; |m 5 |q 1990 |z 1.1986,2 - 3.1988,1; 5.1990,1 | |
| 924 | 0 | |9 2080 |a (DE-603)790969254 |b DE-2080 |c HES |d d |g / | |
| 924 | 0 | |9 2397 |a (DE-603)1318431689 |b DE-2397 |c HES |d d |g Z 769 |m 5 |q 1990 |w ; |m 17 |q 2002 |w ; |m 18 |q 2003 |z 5.1990,1; 17.2002,1u.3; 18.2003,1 | |
| 924 | 0 | |9 - |a (DE-603)1047294966 |b DE- |c HES |d d |g / | |


